| 000 | 00343nam a2200121Ia 4500 | ||
|---|---|---|---|
| 008 | 240731s9999 xx 000 0 und d | ||
| 022 | _a1749-6322 | ||
| 245 | 4 | _aThe London Journal : A Review of Metropolitan Society Past and Present | |
| 260 | _bRoutledge | ||
| 856 | _uhttps://www.tandfonline.com/loi/yldn20 | ||
| 942 | _2ddc | ||
| 942 | _cTFEJ | ||
| 999 |
_c80030 _d80030 |
||
| 945 |
_a1 _bMadushi Gamage _c1 _dMadushi Gamage |
||